| 000 | 00385nam a2200193Ia 4500 | ||
|---|---|---|---|
| 001 | 11578 | ||
| 003 | GE_BSU | ||
| 008 | 181216s||||||||xx |||||||||||||| ||und|| | ||
| 020 | _a0141320788 | ||
| 040 | _cGE_BSU | ||
| 100 | _aCorder,Zizou | ||
| 245 | _aLionboy | ||
| 260 | _aLondon | ||
| 260 | _bPuffin | ||
| 260 | _c2003 | ||
| 300 | _a342p;20cm. | ||
| 653 | _aLionboy | ||
| 942 | _cBK | ||
| 999 |
_c44773 _d44773 |
||